Statistiques concernant Numéros retirés Canadiens de Montreal LNH

Cliquez ici pour prendre le quiz!

Statistiques générales

  • Ce quiz a été pris 845 fois
    (284 depuis la dernière actualisation)
  • Le résultat moyen est 11 sur 18

Statistiques - réponses

HintRéponse% Correct
10Guy Lafleur
96%
9Maurice Richard
94%
16Henri Richard
88%
33Patrick Roy
87%
4Jean Beliveau
83%
1Jacques Plante
81%
29Ken Dryden
64%
5Bernard Geoffrion
58%
19Larry Robinson
56%
12Yvan Cournoyer
56%
18Serge Savard
54%
23Bob Gainey
48%
7Howie Morenz
47%
3Emile Bouchard
37%
2Doug Harvey
36%
5Guy Lapointe
36%
16Elmer Lach
29%
12Dickie Moore
28%

Distribution des résultats

Percentile par nombre de réponses

% des personnes avec chaque résultat

Votre développement - résultats

Vous n’avez pas pris ce quiz depuis la dernière actualisation